Normal view
MARC view
Entry Personal Name
001 - CONTROL NUMBER
- control field: 28047
003 - CONTROL NUMBER IDENTIFIER
- control field: OSt
005 - DATE AND TIME OF LATEST TRANSACTION
- control field: 20260609153348.0
008 - FIXED-LENGTH DATA ELEMENTS
- fixed length control field: 260609|| aca||aabn | a|a d
040 ## - CATALOGING SOURCE
- Original cataloging agency: OSt
- Transcribing agency: OSt
100 ## - HEADING--PERSONAL NAME
- Personal name: Clark Ron
670 ## - SOURCE DATA FOUND
- Source citation: Work cat.: (OSt)23709: Clark Ron , The essential 55; An award winning educator's rules for discovering the successful student in every child, 2003
